000 00796aas a2200253 a 4500
005 20180803170117.0
008 950402d1920 -usb p 0 eng d
022 _a0012-9658
040 _aCO-BoPUJ
_cCO-BoIAVH
_dCO-BoIAVH
041 0 _aeng
044 _axxu
090 _aSE
245 0 0 _aEcology /
_cEcological Society of America
260 _aNueva York (Estados Unidos) :
_bEcological Society of America,
_c1920-
300 _btablas y gráficas ;
_c27 x 21 cm.
310 _au
321 _ab
650 1 6 _aEcología
_vPublicaciones periódicas
650 2 4 _aEcosistemas
_vPublicaciones periódicas
650 2 6 _aImpacto ambiental
_vPublicaciones periódicas
650 2 6 _aMedio ambiente
650 2 6 _aContaminación
942 _2z
_cREVISTA
_s1
999 _c16874
_d16874